[Event "Lugano op"]
[Site "Lugano"]
[Date "1989.??.??"]
[Round "4"]
[White "Zak, Uriel"]
[Black "Leuba, Didier"]
[Result "1-0"]
[WhiteElo "2335"]
[BlackElo "2300"]

1.e4 e6 2.d4 d5 3.Nd2 Be7 4.Ngf3 Nf6 5.Bd3 c5 6.dxc5 dxe4 7.Nxe4 Nxe4 8.Bxe4 Qxd1+
9.Kxd1 Bxc5 10.Ke2 Nc6 11.Rd1 f6 12.a3 a5 13.Be3 Bxe3 14.Kxe3 Ke7 15.Rd3 Ra6
16.Rad1 e5 17.Rb3 a4 18.Rb5 g6 19.g4 Rd8 20.Rxd8 Kxd8 21.g5 Nd4 22.Nxd4 exd4+
23.Kxd4 Kc7 24.f4 Rd6+ 25.Ke3 b6 26.gxf6 Rxf6 27.h4 Bd7 28.Re5 Kd6 29.h5 gxh5
30.Rd5+ Ke7 31.Rxh5 h6 32.f5 Bc6 33.Rh2 Bxe4 34.Kxe4 Kd6 35.Rd2+ Ke7 36.Rd4 Rc6
37.c3 b5 38.Rd5 Rb6 39.Ke5 h5 40.Rc5 Rh6 41.Rxb5 h4 42.f6+ Kf7 43.Rb7+ Kg8
44.Rg7+ Kf8 45.Rg2 h3 46.Rh2 Kf7 47.c4 Rh5+ 48.Kd6 Kxf6 49.c5 Kg5 50.c6 Kg4
51.c7 Rh6+ 52.Kd7 Rh7+ 53.Kc6 Rh8 54.Kb7 Kg3 55.Rh1 Kg2 56.Rc1 h2 57.c8=Q Rxc8
58.Kxc8  1-0

[Event "Luzern"]
[Site "Luzern"]
[Date "1989.??.??"]
[Round "?"]
[White "Wahls, Matthias"]
[Black "Landenbergue, Claude"]
[Result "1-0"]
[WhiteElo "2535"]
[BlackElo "2345"]

1.e4 e6 2.d4 d5 3.Nd2 Nc6 4.c3 e5 5.exd5 Qxd5 6.Ngf3 exd4 7.Bc4 Qh5 8.cxd4 Be6
9.Qe2 O-O-O 10.Bxe6+ fxe6 11.Qxe6+ Kb8 12.O-O Re8 13.Qb3 Bd6 14.h3 Na5 15.Qa4 Nf6
16.b4 Nc6 17.b5 Ne7 18.Nc4 Ned5 19.Nxd6 cxd6 20.Qa3 Ne4 21.Re1 Qf5 22.Qd3 Rhf8
23.Bd2 g5 24.Re2 Nf4 25.Bxf4 Qxf4 26.Rae1 d5 27.Qe3 Qf5 28.Ne5 Rc8 29.g4 Qe6
30.f3 Rc3 31.Nc6+ bxc6 32.Qxc3 Nxc3 33.Rxe6 cxb5 34.R1e3 Rc8 35.a3 a5 36.h4 gxh4
37.f4 Kb7 38.Re7+ Kb6 39.R3e6+ Rc6 40.f5 b4 41.axb4 axb4 42.f6 b3 43.f7 b2
44.Rxc6+ Kxc6 45.Re1 Ne2+ 46.Kh1 Nc1 47.f8=Q  1-0

[Event "Luzern"]
[Site "Luzern"]
[Date "1989.??.??"]
[Round "?"]
[White "Nijboer, Friso"]
[Black "Ambroz, Jan"]
[Result "1/2-1/2"]
[WhiteElo "2475"]
[BlackElo "2425"]

1.e4 e6 2.d4 d5 3.Nd2 Be7 4.Ngf3 Nf6 5.e5 Nfd7 6.c4 O-O 7.Bd3 c5 8.h4 f5
9.cxd5 exd5 10.Qc2 Nc6 11.a3 cxd4 12.Bxf5 Rxf5 13.Qxf5 Ndxe5 14.Qc2 Bg4 15.O-O Bxh4
16.Nxh4 Qxh4 17.f4 Nf7 18.Nf3 Bxf3 19.Rxf3 Re8 20.Bd2 Nh6 21.Raf1 Qf6 22.b4 a6
23.a4 Nf5 24.b5 axb5 25.axb5 Nce7 26.Qc7 Nd6 27.Re1 Ne4 28.Bb4 d3 29.Rxd3 Qb2
30.Qd7 Qf2+ 31.Kh1 Ra8 32.Qxe7 Qxf4 33.Rf3 Qh6+ 34.Kg1 Qb6+ 35.Rfe3 Qxb5
36.Rxe4 dxe4 37.Qxe4 h6 38.Bc3 Rf8 39.Bd4 Qb3 40.Qg4 Qf7 41.Qe6 Rd8 42.Bf2 Rd5
43.Bh4 b5 44.Qc8+ Kh7 45.Re8 Qf5 46.Qxf5+ Rxf5 47.Re6 h5 48.Bf2 Rd5 49.Be3 b4
50.Rb6 Rd3 51.Kf2 b3 52.Ke2 Rd5 53.Rxb3 Kg6 54.Rb7 Kf6 55.Rc7 g5 56.Rc5 Rxc5
57.Bxc5 Kf5 58.Kf3 h4 59.Bg1 g4+ 60.Ke3 Ke5 61.Bh2+ Kf5  1/2-1/2

[Event "Luzern"]
[Site "Luzern"]
[Date "1989.??.??"]
[Round "?"]
[White "Wahls, Matthias"]
[Black "Ambroz, Jan"]
[Result "1-0"]
[WhiteElo "2535"]
[BlackElo "2425"]

1.e4 e6 2.d4 d5 3.Nd2 Be7 4.Ngf3 Nf6 5.e5 Nfd7 6.c4 O-O 7.cxd5 exd5 8.Bd3 c5
9.O-O Nc6 10.Re1 Re8 11.a3 Nf8 12.dxc5 Bxc5 13.b4 Bb6 14.Bb2 Bg4 15.Qa4 Ne7
16.h3 Bf5 17.Bf1 Ne6 18.Nh4 Bg6 19.Rad1 Qb8 20.Nxg6 hxg6 21.Qb5 Qc8 22.Rc1 Qd8
23.Nb3 Nf5 24.Rcd1 Nf4 25.Nc5 Qg5 26.Kh1 Nh4 27.g3 Nf3 28.Re3 Nxh3 29.Bxh3 Qh5
30.Qf1 f5 31.Rdd3 Ng5 32.Kh2 Kh7 33.f4 Ne4 34.Qf3 Qh6 35.Rxd5 Rf8 36.Nxe4 fxe4
37.Rxe4 Kg8 38.Qg4 Rf7  1-0

[Event "Moscow-A"]
[Site "Moscow"]
[Date "1989.??.??"]
[Round "?"]
[White "Campora, Daniel H"]
[Black "Dreev, Alexey"]
[Result "0-1"]
[WhiteElo "2500"]
[BlackElo "2520"]

1.e4 e6 2.d4 d5 3.Nd2 a6 4.Ngf3 c5 5.dxc5 Bxc5 6.Bd3 Nf6 7.Qe2 Nc6 8.O-O Qc7
9.a3 Ba7 10.exd5 Nxd5 11.g3 O-O 12.c4 Nf6 13.Ne4 Nxe4 14.Bxe4 Nd4 15.Nxd4 Bxd4
16.Bxh7+ Kxh7 17.Qd3+ Kg8 18.Qxd4 e5 19.Qe4 Be6 20.Re1 f6 21.b3 b5 22.cxb5 axb5
23.f4 Rad8 24.fxe5 Bd5 25.Qe2 fxe5 26.Bg5 Ba8 27.Qxb5 Rb8  0-1

[Event "New York op"]
[Site "New York"]
[Date "1989.??.??"]
[Round "2"]
[White "Campora, Daniel H"]
[Black "Kovacevic, Vlatko"]
[Result "1/2-1/2"]
[WhiteElo "2500"]
[BlackElo "2545"]

1.e4 e6 2.d4 d5 3.Nd2 a6 4.Ngf3 c5 5.dxc5 Bxc5 6.Bd3 Nf6 7.O-O O-O 8.e5 Nfd7
9.c4 Nc6 10.cxd5 Ncxe5 11.Bb1 Nxf3+ 12.Nxf3 exd5 13.Qxd5 Qb6 14.Qd3  1/2-1/2

[Event "New York op"]
[Site "New York"]
[Date "1989.??.??"]
[Round "8"]
[White "Kudrin, Sergey"]
[Black "Dreev, Alexey"]
[Result "1/2-1/2"]
[WhiteElo "2550"]
[BlackElo "2520"]

1.e4 e6 2.d4 d5 3.Nd2 a6 4.Ngf3 c5 5.exd5 exd5 6.Be2 c4 7.O-O Bd6 8.Re1 Ne7
9.b3 b5 10.c3 Nbc6 11.Nf1 O-O 12.Ne3 h6 13.a4 Be6 14.Ba3 Bf4 15.Bf1 Re8 16.g3 Bc7
17.Bc5 Qd7 18.Bg2 Nf5 19.Nd2 Nxe3 20.Rxe3 Bg4 21.Qf1 Bf5 22.Bf3 Na5 23.bxc4 Rxe3
24.fxe3 Nxc4 25.Qf2 Re8 26.axb5 axb5 27.Nxc4 bxc4 28.Ra7 Bh3 29.Bg2 Bxg2
30.Kxg2 Qc6 31.Qf3 Re6 32.Bb4 Rf6 33.Qg4 Bb6 34.Re7 Qa8 35.Qe2 Qc6 36.e4 Re6
37.Rxe6 Qxe6 38.Kf3 Qf6+ 39.Kg2 Qe6 40.Kf3  1/2-1/2

[Event "Novi Sad op"]
[Site "Novi Sad"]
[Date "1989.??.??"]
[Round "1"]
[White "Petrovic, Mihajlo"]
[Black "Solak, Zdravko"]
[Result "0-1"]
[WhiteElo "2305"]
[BlackElo "2230"]

1.e4 e6 2.d4 d5 3.Nd2 Nc6 4.Ngf3 Nf6 5.e5 Nd7 6.c3 f6 7.Bb5 a6 8.Bxc6 bxc6
9.exf6 Qxf6 10.O-O Bd6 11.Re1 O-O 12.Qe2 Nb6 13.c4 c5 14.Nb3 Nxc4 15.Nxc5 Bxc5
16.dxc5 e5 17.Nd2 Nxd2 18.Bxd2 Bd7 19.Ba5 c6 20.Rac1 Rae8 21.Rc3 e4 22.Rg3 Rf7
23.Rd1 d4 24.Qd2 d3 25.Bc3 Qe7 26.Bd4 Be6 27.Qh6 Qd7 28.Bc3 Bg4 29.Qd2 Bxd1
30.Qxd1 Qf5 31.Bd4 Rd8 32.Be3 Qd5 33.b3 Qe5 34.Qc1 d2 35.Bxd2 Rxd2  0-1

[Event "Nuremberg op"]
[Site "Nuremberg"]
[Date "1989.??.??"]
[Round "?"]
[White "Varga, Zoltan"]
[Black "Seyb, Dieter"]
[Result "1-0"]
[WhiteElo "2425"]
[BlackElo "2300"]

1.e4 e6 2.d4 d5 3.Nd2 Nc6 4.Ngf3 Nf6 5.e5 Nd7 6.Bb5 a6 7.Bxc6 bxc6 8.Nb3 c5
9.Bg5 Be7 10.Na5 Nb8 11.Bxe7 Qxe7 12.c3 O-O 13.O-O Bd7 14.Qd2 Rc8 15.b4 c4
16.a4 Ra7 17.Ng5 f6 18.exf6 gxf6 19.Nf3 Nc6 20.Nxc6 Bxc6 21.a5 Be8 22.Qf4 Bg6
23.Rfe1 Re8 24.Re3 Raa8 25.Rae1 Qf7 26.Qg4 Kf8 27.Rxe6 Bh5 28.Qf5 Bxf3 29.gxf3 Kg7
30.Qxd5 Qg6+ 31.Kh1 Rxe6 32.Qxe6  1-0

[Event "GMA Baleares Open"]
[Site "Palma de Mallorca"]
[Date "1989.??.??"]
[Round "3"]
[White "Kholmov, Ratmir D"]
[Black "Eingorn, Vereslav S"]
[Result "1/2-1/2"]
[WhiteElo "2485"]
[BlackElo "2560"]

1.e4 e6 2.d4 d5 3.Nd2 a6 4.Ngf3 c5 5.dxc5 Bxc5 6.Bd3 Nc6 7.O-O Nge7 8.Qe2 Qc7
9.Re1 O-O 10.Nb3 Bb6 11.Be3 Bd7 12.c4 dxc4 13.Bxc4 Bxe3 14.Qxe3 Na5 15.Nxa5 Qxa5
16.a3 Rac8 17.b4 Qc7 18.Rac1 Qb8 19.Nd4 Ba4 20.g3 Nc6 21.Nxc6 Rxc6 22.e5 Rfc8
23.Bf1 Qc7 24.Rxc6 Bxc6 25.Rd1 Bd5 26.Bg2 Qc2 27.Re1 Bxg2 28.Kxg2 h5 29.Qf3 Qc6
30.h4 Qxf3+ 31.Kxf3 Kh7 32.Re3 Kg6 33.Rd3 Rc1 34.Ke4 Ra1 35.Rd7 b5 36.Rd3 Ra2
37.f3 f6 38.exf6 gxf6 39.Rd6 Rxa3 40.Rxe6 Ra4 41.Ke3 Kf5 42.Rc6 Rxb4 43.Rxa6 Ke5
44.Rb6 Rb3+ 45.Kf2 f5 46.Rh6 Rb2+ 47.Ke3  1/2-1/2

[Event "GMA Baleares Open"]
[Site "Palma de Mallorca"]
[Date "1989.??.??"]
[Round "5"]
[White "Conquest, Stuart"]
[Black "Ree, Hans"]
[Result "0-1"]
[WhiteElo "2515"]
[BlackElo "2460"]

1.e4 e6 2.d4 d5 3.Nd2 a6 4.Ngf3 c5 5.dxc5 Bxc5 6.Nb3 Ba7 7.Be2 Ne7 8.O-O Nbc6
9.exd5 Qxd5 10.Qe1 O-O 11.Be3 Bxe3 12.fxe3 Qd6 13.Rd1 Qc7 14.Bd3 h6 15.Qh4 Nd5
16.c4 Nde7 17.Bb1 Bd7 18.Nc5 Rad8 19.Qe4 Ng6 20.Rxd7 Rxd7 21.Nxe6 Qb6 22.Nxf8 Nxf8
23.b3 Re7 24.Qf4 Rxe3 25.Kh1 Re7 26.h4 Qc5 27.Rd1 Qf2 28.Qf5 Re2 29.Qh3 Ne5
30.Nxe5 Rxe5 31.Qg4 Re1+  0-1

[Event "GMA Baleares Open"]
[Site "Palma de Mallorca"]
[Date "1989.??.??"]
[Round "9"]
[White "Lau, Ralf"]
[Black "Eingorn, Vereslav S"]
[Result "0-1"]
[WhiteElo "2470"]
[BlackElo "2560"]

1.e4 e6 2.d4 d5 3.Nd2 a6 4.e5 Bd7 5.Ngf3 Bb5 6.Be2 Bxe2 7.Qxe2 c5 8.dxc5 Bxc5
9.O-O Ne7 10.c4 Nbc6 11.Rd1 O-O 12.Ne4 Qb6 13.cxd5 Nxd5 14.Nfg5 h6 15.Nxc5 Qxc5
16.Ne4 Qb4 17.Bxh6 Nxe5 18.Nc3 Nc6 19.Nxd5 exd5 20.a3 Qd6 21.Bg5 Rfe8 22.Qf3 d4
23.h3 Qg6 24.Bf4 Rad8 25.Rd2 d3 26.Kh1 Re4 27.Rc1 Rd7 28.Be3 Ne5 29.Rc8+ Kh7
30.Qd1 Rc4 31.Ra8 Rdc7 32.Kh2 Rc1 33.Qa4 Nf3+  0-1

[Event "World op"]
[Site "Philadelphia"]
[Date "1989.??.??"]
[Round "1"]
[White "Hennigan, Michael"]
[Black "Gurevich, Mikhail"]
[Result "1-0"]
[WhiteElo "2345"]
[BlackElo "2590"]

1.e4 e6 2.d4 d5 3.Nd2 a6 4.Ngf3 c5 5.exd5 exd5 6.Be2 c4 7.b3 cxb3 8.axb3 Nc6
9.O-O Bd6 10.Re1 Nge7 11.Nf1 O-O 12.Ne3 Bb4 13.Bd2 Bxd2 14.Qxd2 Qd6 15.c4 Be6
16.c5 Qf4 17.b4 Nf5 18.Red1 Nxe3 19.fxe3 Qh6 20.Ra3 Bg4 21.Rda1 Rae8 22.b5 axb5
23.Bxb5 Bxf3 24.gxf3 Re6 25.Bf1 Rfe8 26.Bg2 Ne7 27.f4 Nf5 28.e4 dxe4 29.d5 e3
30.Qd3 Ra6 31.Rxa6 bxa6 32.d6 e2 33.Re1 Qxf4 34.d7 Rd8 35.c6 Nd4 36.Qc3 Nb5
37.Rxe2 Nc7 38.Qc5 Rb8 39.Re1 g6 40.Rf1 Qh4 41.Qe5 Qd8 42.Bd5 Nxd5 43.Qxd5 Qb6+
44.Kh1 Rf8 45.Rxf7 Qb1+ 46.Rf1+  1-0

[Event "Prague Vysehrad"]
[Site "Prague"]
[Date "1989.??.??"]
[Round "1"]
[White "David, Pavel"]
[Black "Hausner, Ivan"]
[Result "1/2-1/2"]
[WhiteElo "2425"]
[BlackElo "2445"]

1.e4 e6 2.d4 d5 3.Nd2 Be7 4.c3 c5 5.exd5 Qxd5 6.Ngf3 cxd4 7.Bc4 Qh5 8.Nxd4 Qxd1+
9.Kxd1 a6 10.N2f3 Nf6 11.a4  1/2-1/2

[Event "Prague Vysehrad"]
[Site "Prague"]
[Date "1989.??.??"]
[Round "5"]
[White "Gola, Martin"]
[Black "Netusil, Miroslav"]
[Result "1/2-1/2"]
[WhiteElo "2375"]
[BlackElo "2320"]

1.e4 e6 2.d4 d5 3.Nd2 Be7 4.Bd3 dxe4 5.Nxe4 Nf6 6.Nxf6+ Bxf6 7.Nf3 c5 8.dxc5 Qa5+
9.c3 Qxc5 10.O-O Nc6 11.Qe2 Bd7 12.Be3 Qh5 13.Rad1 Ne5 14.Nxe5 Qxe5 15.f4 Qc7
16.Bb5 Bc6 17.Bc5 a6 18.Bxc6+ Qxc6 19.Qe3 Rd8 20.Rxd8+ Bxd8 21.Kh1 Qd5 22.b3 Be7
23.Bd4  1/2-1/2

[Event "Sagua la Grande"]
[Site "Sagua la Grande"]
[Date "1989.??.??"]
[Round "5"]
[White "De Armas, Asela"]
[Black "Canda, Danilo"]
[Result "1/2-1/2"]
[WhiteElo "2255"]
[BlackElo "2340"]

1.e4 e6 2.d4 d5 3.Nd2 Nc6 4.Ngf3 Nf6 5.e5 Nd7 6.c3 f6 7.exf6 Qxf6 8.Bb5 Bd6
9.O-O O-O 10.Qa4 a6 11.Bd3 Rf7 12.Qc2 g5 13.Nb3 h6 14.Be3 Nf8 15.Rae1 Bd7
16.Re2 g4 17.Nfd2 e5 18.dxe5 Nxe5 19.Bd4 Qg5 20.Bxe5 Bxe5 21.Rfe1 Re8 22.Nf1 Ba4
23.Qb1 Bxb3 24.axb3 Rfe7 25.Ng3 Bxg3 26.hxg3 Rxe2 27.Rxe2 Rxe2 28.Bxe2 h5
29.Qd1 Qe5 30.b4 Kg7 31.Qd2 Ne6 32.Bd3 c6 33.Kf1 Ng5 34.Qf4 Qxf4 35.gxf4 Ne6
36.g3 Kf6 37.Kg2 c5 38.bxc5 Nxc5 39.Bc2 Ne4 40.Bxe4 dxe4 41.Kf1 Kf5 42.c4 a5
43.b3 h4 44.gxh4 Kxf4 45.Kg1 Kf5 46.Kg2 Kf4 47.c5 g3 48.fxg3+ Ke3 49.h5 Kd3
50.h6 e3 51.h7 e2 52.h8=Q e1=Q 53.Qd8+ Kc2 54.Qd5 Qb4 55.c6 bxc6 56.Qxc6+ Kxb3
57.Qd5+ Kb2 58.Qe5+ Qc3 59.Qb5+ Ka3 60.Qf5 a4 61.g4 Qd2+  1/2-1/2

[Event "BUL-ch"]
[Site "Sofia"]
[Date "1989.??.??"]
[Round "?"]
[White "Donchev, Dimitar I"]
[Black "Topalov, Veselin"]
[Result "1-0"]
[WhiteElo "2505"]
[BlackElo "2395"]

1.e4 e6 2.d4 d5 3.Nd2 Nc6 4.Ngf3 Nf6 5.e5 Nd7 6.Bb5 a6 7.Ba4 b5 8.Bb3 f6
9.exf6 Qxf6 10.Nf1 Bd6 11.Ne3 O-O 12.c3 Ne7 13.O-O Bb7 14.Re1 Nf5 15.Ng4 Qg6
16.h3 Rae8 17.Bc2 Qh5 18.Nfe5 Bxe5 19.Nh6+  1-0

[Event "St Ingbert op"]
[Site "St Ingbert"]
[Date "1989.??.??"]
[Round "7"]
[White "Gola, Martin"]
[Black "Legky, Nikolay A"]
[Result "0-1"]
[WhiteElo "2375"]
[BlackElo "2465"]

1.e4 e6 2.d4 d5 3.Nd2 a6 4.Bd3 c5 5.dxc5 Bxc5 6.Ngf3 Nc6 7.a3 Nf6 8.O-O a5
9.Qe2 O-O 10.e5 Nd7 11.c4 Bb6 12.Re1 Nc5 13.Rd1 f6 14.exf6 Qxf6 15.Bc2 e5
16.cxd5 Nd4 17.Nxd4 exd4 18.Ne4 Qe5 19.Bd3 Nxd3 20.Qxd3 Qxd5 21.Be3 Bf5 22.f3 Rfe8
23.Bf2 Bxe4 24.fxe4 Rxe4 25.Re1 Rxe1+ 26.Rxe1 Rc8 27.Kf1 a4 28.Rd1 Qb3 29.Qxb3+ axb3
30.Rd2 Rc2 31.Ke1 Ba5  0-1

[Event "Sverdlovsk"]
[Site "Sverdlovsk"]
[Date "1989.??.??"]
[Round "?"]
[White "Tseshkovsky, Vitaly"]
[Black "Machulsky, Anatoly D"]
[Result "1/2-1/2"]
[WhiteElo "2520"]
[BlackElo "2465"]

1.e4 e6 2.d4 d5 3.Nd2 a6 4.Ngf3 c5 5.exd5 exd5 6.Be2 cxd4 7.O-O Bd6 8.Nb3 Ne7
9.Nbxd4 O-O 10.Re1 Nbc6 11.c3 Bg4 12.Be3 Qc7 13.h3 Bh5 14.Nh4 Bg6 15.Nxg6 hxg6
16.Bf1 Nxd4 17.Bxd4 Nf5  1/2-1/2

[Event "Sverdlovsk"]
[Site "Sverdlovsk"]
[Date "1989.??.??"]
[Round "?"]
[White "Dautov, Rustem"]
[Black "Machulsky, Anatoly D"]
[Result "1/2-1/2"]
[WhiteElo "2535"]
[BlackElo "2465"]

1.e4 e6 2.d4 d5 3.Nd2 a6 4.Ngf3 c5 5.dxc5 Bxc5 6.Bd3 Nc6 7.a3 Nge7 8.O-O O-O
9.b4 Ba7 10.Bb2 Ng6 11.c4 dxc4 12.Nxc4 b5 13.Nce5 Bb7 14.Nxg6 hxg6 15.Qe2 Qe7  1/2-1/2

[Event "SWE-ch"]
[Site "?"]
[Date "1989.??.??"]
[Round "?"]
[White "Eriksson, Mats"]
[Black "Wessman, Richard"]
[Result "1/2-1/2"]
[WhiteElo "2255"]
[BlackElo "2370"]

1.e4 e6 2.d4 d5 3.Nd2 a6 4.Ngf3 c5 5.dxc5 Bxc5 6.Bd3 Nf6 7.O-O Nc6 8.c3 Qc7
9.Qe2 Ba7 10.a4 h6 11.c4 dxe4 12.Nxe4 Nxe4 13.Bxe4 O-O 14.b3 Nd4 15.Nxd4 Bxd4
16.Bb2 Bxb2 17.Qxb2 Bd7 18.Rad1 Rad8 19.Rd2 Bc6 20.Bxc6 Qxc6 21.Rfd1 Qb6
22.b4 Rxd2 23.Qxd2 Qc6 24.Qc2 Rc8 25.h4 h5  1/2-1/2

[Event "SWZ-ch int"]
[Site "?"]
[Date "1989.??.??"]
[Round "2"]
[White "Campora, Daniel H"]
[Black "Keller, Dieter"]
[Result "1-0"]
[WhiteElo "2495"]
[BlackElo "2420"]

1.e4 e6 2.d4 d5 3.Nd2 a6 4.Ngf3 Nf6 5.Bd3 c5 6.dxc5 dxe4 7.Bxe4 Bxc5 8.Qe2 O-O
9.O-O Nc6 10.Bxc6 bxc6 11.Rd1 Qc7 12.Nc4 Ng4 13.Ne3 e5 14.h3 Nxe3 15.Bxe3 Bxe3
16.Qxe3 f6 17.Qc5 Rb8 18.b3 Rb5 19.Qd6 Qxd6 20.Rxd6 Rd5 21.Rxc6 e4 22.Nh2 f5
23.f4 a5 24.Nf1 g5 25.g3 gxf4 26.gxf4 Bd7 27.Rc7 Rf7 28.Re1 Rg7+ 29.Kf2 Kf8
30.Re2 Rd6 31.Rd2 Ke7 32.Ra7 a4 33.Rxd6 Kxd6 34.Ne3 axb3 35.axb3 Re7 36.Nc4+ Ke6
37.Ne5 Be8 38.Rxe7+ Kxe7 39.Ke3 Bh5 40.Nc4 Bd1 41.Kd2 Bh5 42.Ne3 Ke6 43.Kc3 Bg6
44.Kd4 Kd6 45.c4 Kc6 46.h4  1-0

[Event "Wch U20"]
[Site "Tunja"]
[Date "1989.??.??"]
[Round "10"]
[White "Hernandez, Gilberto"]
[Black "Kontic, Vladimir"]
[Result "0-1"]
[WhiteElo "2300"]
[BlackElo "2395"]

1.e4 e6 2.d4 d5 3.Nd2 a6 4.Ngf3 c5 5.exd5 exd5 6.c3 Nc6 7.dxc5 Bxc5 8.Nb3 Bb6
9.Bg5 Nf6 10.Be2 Bxf2+ 11.Kxf2 Ne4+ 12.Kf1 Nxg5 13.Qe1 O-O 14.Rd1 Re8 15.Nxg5 Qxg5
16.h4 Qf6+ 17.Qf2 Bf5 18.Nd4 Nxd4 19.Rxd4 Qe6 20.Bf3 Be4 21.Rh3 Qe5 22.Kg1 Re7
23.Rg3 f5 24.Rg5 h6 25.Bxe4 hxg5 26.Bxd5+ Kh7 27.hxg5 Kg6 28.Bf3 Rh8 29.Qd2 Qe1+
30.Qxe1 Rxe1+ 31.Kf2 Re7 32.Rb4 b5 33.a4 Re5 34.Bb7 bxa4 35.Bxa6 Ra5 36.Bd3 Kxg5
37.c4 a3 38.bxa3 Rxa3 39.Bb1 Rh1 40.Rb5 g6  0-1

[Event "Wch U20"]
[Site "Tunja"]
[Date "1989.??.??"]
[Round "10"]
[White "Spasov, Vasil"]
[Black "Dreev, Alexey"]
[Result "1/2-1/2"]
[WhiteElo "2430"]
[BlackElo "2570"]

1.e4 e6 2.d4 d5 3.Nd2 a6 4.Ngf3 c5 5.exd5 exd5 6.Be2 c4 7.O-O Bd6 8.b3 b5
9.Re1 Ne7 10.a4 Bb7 11.Ne5 O-O 12.bxc4 dxc4 13.Bf3 Nd5 14.Ne4 Re8 15.Nxd6 Qxd6
16.Ba3 Qd8 17.Be4 Re6 18.Qh5 g6 19.Nxf7 Qe8 20.Qh4 Kxf7 21.Qxh7+ Kf6 22.Qxb7 Nc6
23.axb5 axb5 24.Qxb5 Ncb4 25.Qxe8 Raxe8 26.Bxb4 Nxb4 27.c3 Nc2 28.f3 Nxe1
29.Rxe1 Rb8 30.h4 Rb2 31.Re3 Rd2 32.Kh2 Rb6 33.Re1 Rb3 34.Ra1 Rxc3 35.Ra6+ Ke7
36.Rxg6 Rxd4 37.h5 Rd6 38.Rg5 Rc1 39.Rc5 c3 40.Kg3 Kf7 41.Rc7+ Kf8 42.Kf4 c2
43.g4 Rd2 44.h6 Rh1 45.h7 Re2 46.Bxc2 Re7 47.Rc8+ Re8 48.Rc6 Kg7 49.Be4 Re1
50.Rc5 Rf8+ 51.Rf5 Rxf5+ 52.Bxf5 Rf1 53.Be4 Rg1 54.Ke3 Rg2 55.Kd3 Rg1 56.Kd4 Rg2
57.Ke5 Rg1 58.Kf4 Rg2 59.Bb1 Rg1 60.Bd3 Rg2 61.Be4 Rg1 62.g5 Ra1 63.Ke3 Ra3+
64.Bd3 Rb3 65.f4 Rb6 66.f5 Kxh7 67.f6+ Kg8 68.Kf4 Kf8 69.Ke5 Rb3 70.Be4 Rg3
71.g6 Rg5+ 72.Kf4 Rg1 73.Kf5 Rg3 74.Bd5 Rg1 75.Bf3 Rg3 76.Bg4 Rg1 77.Kg5 Kg8
78.Kh4 Rh1+ 79.Kg3 Rg1+ 80.Kh3 Kf8 81.Bf5 Rg5 82.Be4 Kg8 83.Kh4 Rg1 84.Kh5 Rg3
85.Bd5+ Kh8 86.Bc6 Kg8 87.Bb5 Rg1 88.Bc4+ Kh8 89.Be2 Rg2 90.Bd1 Rg1 91.Bf3 Rg3
92.Bg4 Kg8 93.Kg5 Rg1 94.Kf4 Kf8  1/2-1/2

[Event "Uzes op"]
[Site "Uzes"]
[Date "1989.??.??"]
[Round "2"]
[White "Girard, Jean Pierre"]
[Black "Prie, Eric"]
[Result "0-1"]
[WhiteElo "1980"]
[BlackElo "2405"]

1.e4 e6 2.d4 d5 3.Nd2 Nc6 4.Ngf3 Nf6 5.e5 Nd7 6.Be2 Be7 7.Nf1 O-O 8.Ne3 f6
9.exf6 Nxf6 10.O-O Bd6 11.c4 b6 12.b3 Bb7 13.Bb2 Ne7 14.Ne5 Bxe5 15.dxe5 Ne4
16.Bg4 Qd7 17.Qc2 d4 18.Rad1 c5 19.f4 Qc6 20.Bf3 Rxf4 21.Ng4 Raf8 22.Bc1 Rxf3
23.gxf3 Nc3 24.Rd3 h5 25.Bg5 hxg4 26.Bxe7 Rxf3 27.Rdxf3 gxf3 28.Kf2 Qe8 29.Bh4 Qh5
30.Bg3 Ne4+ 31.Ke1 Nxg3 32.hxg3 Qxe5+ 33.Kd1 Qe3  0-1

[Event "Uzes op"]
[Site "Uzes"]
[Date "1989.??.??"]
[Round "7"]
[White "Egreteau, Eric"]
[Black "Zimmermann, Walter"]
[Result "0-1"]
[WhiteElo "1840"]
[BlackElo "2040"]

1.e4 e6 2.d4 d5 3.Nd2 Nc6 4.c3 e5 5.exd5 Qxd5 6.Ngf3 exd4 7.Bc4 Qf5 8.Nxd4 Nxd4
9.cxd4 Be6 10.Qa4+ c6 11.Bxe6 Qxe6+ 12.Kd1 O-O-O 13.Qxa7 Bd6 14.b4 Nf6 15.Bb2 Rhe8
16.Kc2 Qf5+ 17.Kb3 Qd3+ 18.Bc3 Nd5  0-1

[Event "Val Maubuee op"]
[Site "Val Maubuee"]
[Date "1989.??.??"]
[Round "?"]
[White "Palot, P."]
[Black "Prie, Eric"]
[Result "0-1"]
[WhiteElo "1740"]
[BlackElo "2335"]

1.e4 e6 2.d4 d5 3.Nd2 Nc6 4.Ngf3 Nf6 5.e5 Nd7 6.c3 f6 7.exf6 Qxf6 8.Bd3 Bd6
9.O-O e5 10.dxe5 Ndxe5 11.Re1 O-O 12.Be2 Bg4 13.Nf1 Bxf3 14.Bxf3 Nxf3+ 15.Qxf3 Qxf3
16.gxf3 Ne5 17.Kg2 Nxf3 18.Re2 h5 19.Be3 Rf6 20.Bd4 Nxd4 21.cxd4 Raf8 22.Rd1 Rg6+
23.Kh1 Rf4 24.Ne3 Re6 25.a3 Rh4 26.f3 Bxh2 27.Rxh2 Rxh2+ 28.Kxh2 Rxe3 29.Kg3 Kf7
30.Kg2 Rb3 31.Rd2 Kf6 32.Kg3 g5 33.Rf2 g4 34.Kf4 Rxf3+ 35.Rxf3 gxf3 36.Kxf3 Kf5  0-1

[Event "Val Maubuee op"]
[Site "Val Maubuee"]
[Date "1989.??.??"]
[Round "?"]
[White "Caminade, Christian"]
[Black "Prie, Eric"]
[Result "0-1"]
[WhiteElo "2050"]
[BlackElo "2335"]

1.e4 e6 2.d4 d5 3.Nd2 Nc6 4.Ngf3 Nf6 5.e5 Nd7 6.Nb3 a5 7.a4 b6 8.c3 Ba6 9.Bxa6 Rxa6
10.Bg5 Be7 11.Bxe7 Qxe7 12.O-O O-O 13.Re1 Raa8 14.Re3 Rfd8 15.Qe2 Nf8 16.Rf1 Qd7
17.Nfd2 Ne7 18.Ra1 Rdc8 19.f4 c5 20.Ra2 Nf5 21.Rf3 cxd4 22.Nxd4 Nxd4 23.cxd4 Rc1+
24.Nf1 Rac8 25.b3 Qe7 26.Qd2 Qb4 27.Qxb4 axb4 28.Kf2 R1c2+ 29.Rxc2 Rxc2+
30.Kg3 Ng6 31.f5 Ne7 32.fxe6 fxe6 33.Ne3 Rd2 34.h3 Nc6 35.Kh2 Rxd4 36.Rf1 Rd3
37.Ng4 h5 38.Nf2 Rxb3 39.h4 Re3 40.Rc1 Nxe5 41.Rc8+ Kh7 42.Rc7 Nc4 43.Nh3 b3  0-1

[Event "Val Thorens op2"]
[Site "Val Thorens"]
[Date "1989.??.??"]
[Round "3"]
[White "Tompa, Janos"]
[Black "Banchev, Borislav"]
[Result "1-0"]
[WhiteElo "2395"]
[BlackElo "2390"]

1.e4 e6 2.d4 d5 3.Nd2 a6 4.Bd3 c5 5.dxc5 Bxc5 6.Ngf3 Nc6 7.c3 Nge7 8.Qc2 Ng6
9.Nb3 dxe4 10.Bxe4 Be7 11.h4 Nce5 12.Nxe5 Nxe5 13.Bf4 Bd6 14.Rd1 Qc7 15.g3 Nc4
16.Bxd6 Nxd6 17.Bxh7 g6 18.Bxg6 fxg6 19.Qxg6+ Qf7 20.Qd3 O-O 21.O-O Nf5 22.Nc5 Qg6
23.Qe4 Ra7 24.Nd7 Re8 25.Nb6 Qf7 26.Rfe1 Qc7 27.Nd5 Qf7 28.Qg4+ Kh7 29.Nb6 a5
30.Rd3 Ra6 31.Nxc8 Rxc8 32.Red1 Rc7 33.Qa4 Re7 34.Rd7 Rc6 35.Rxe7 Nxe7 36.Qxa5 Nd5
37.Qb5 Kg8 38.Qd3 Rc8 39.Qe2 Rf8 40.Rd4 Kh7 41.c4 Ne7 42.Re4 Nc6 43.Rxe6 Rd8
44.Qe4+ Kg7 45.Qg4+ Kh7 46.Re4 Rd2 47.Rf4 Qg6 48.Qc8 Nd8 49.Qc7+ Qg7 50.Qa5 Rd4
51.Qh5+ Kg8 52.Qe8+ Kh7 53.Rf5 Rd1+ 54.Kh2 Qg6 55.Rh5+ Kg7 56.Rg5  1-0

[Event "Val Thorens op2"]
[Site "Val Thorens"]
[Date "1989.??.??"]
[Round "5"]
[White "Tompa, Janos"]
[Black "Ljubisavljevic, Zivojin Z"]
[Result "1-0"]
[WhiteElo "2395"]
[BlackElo "2285"]

1.e4 e6 2.d4 d5 3.Nd2 a6 4.Bd3 c5 5.dxc5 Bxc5 6.Ngf3 Nf6 7.O-O Nc6 8.c3 b5
9.e5 Nd7 10.Nb3 Bb6 11.Qe2 Bb7 12.Be3 h6 13.Bxb6 Qxb6 14.Nbd4 g5 15.Nxc6 Bxc6
16.Nd4 Nc5 17.f4 Bb7 18.Kh1 g4 19.f5 O-O-O 20.fxe6 fxe6 21.Rf6 h5 22.b4 Ne4
23.Bxe4 dxe4 24.Nxe6 Rde8 25.Ng7 Qc7 26.Nxe8 Rxe8 27.Qe3 Qxe5 28.Raf1 Qd5
29.R6f5 Qxa2 30.Qc5+ Kb8 31.Rf8 Rc8 32.Rxc8+ Bxc8 33.Qb6+ Ka8 34.Qc6+ Kb8
35.Qxe4 h4 36.Qe5+ Ka8 37.Qh8 Qc4 38.Rf8 Kb7 39.Qg7+ Kb8 40.Qe5+ Kb7 41.Qe7+ Qc7
42.Qxc7+ Kxc7 43.Rf6 h3 44.gxh3 gxh3 45.Kg1  1-0

[Event "Vrnjacka Banja"]
[Site "Vrnjacka Banja"]
[Date "1989.??.??"]
[Round "?"]
[White "Marinkovic, Ivan"]
[Black "Skembris, Spyridon"]
[Result "1/2-1/2"]
[WhiteElo "2345"]
[BlackElo "2455"]

1.e4 e6 2.d4 d5 3.Nd2 Be7 4.Bd3 dxe4 5.Nxe4 Nf6 6.Nf3 Nbd7 7.c3 O-O 8.O-O b6
9.Nxf6+ Nxf6 10.Qe2 Bb7 11.Bf4 Bd6  1/2-1/2

[Event "Vrnjacka Banja"]
[Site "Vrnjacka Banja"]
[Date "1989.??.??"]
[Round "?"]
[White "Ilincic, Zlatko"]
[Black "Sahovic, Dragutin"]
[Result "1/2-1/2"]
[WhiteElo "2430"]
[BlackElo "2410"]

1.e4 e6 2.d4 d5 3.Nd2 Nc6 4.Ngf3 Nf6 5.e5 Nd7 6.Nb3 a5 7.a4 Be7 8.Bb5 Ncb8
9.O-O b6 10.Be3 c6 11.Bd3 Ba6 12.Ne1 O-O 13.c3 c5 14.Bb5 Qc7 15.Nd2 Nc6 16.Nd3 Bxb5
17.axb5 Na7 18.Qa4 c4 19.Nf4 Rfc8 20.Rfc1 Nf8 21.b3 cxb3 22.Qxb3 Qd7 23.c4 dxc4
24.Nxc4 Qxb5 25.Qxb5 Nxb5 26.Nxb6 Rxc1+ 27.Rxc1 Rd8 28.d5 g5 29.Nd3 exd5
30.Ra1 Na3 31.Kf1 Nc4 32.Nxc4 dxc4 33.Nb2 c3 34.Nc4 Bb4 35.Nxa5 c2 36.Nb3 Rd3
37.Nc1 Rd1+ 38.Ke2 Ng6 39.Ra4 Bc3 40.Rc4 Nf4+ 41.Bxf4 gxf4 42.Rxc3 Rxc1 43.Kf3 Re1
44.Rxc2 Rxe5 45.Kxf4 Ra5 46.Kg4 Kg7 47.f4 Kg6 48.Rc6+ f6 49.g3 Ra2 50.h3 Ra3
51.Rc4 f5+ 52.Kh4 Rf3 53.g4 h6 54.Ra4 Kf6 55.Ra6+ Kg7  1/2-1/2

[Event "Vrnjacka Banja"]
[Site "Vrnjacka Banja"]
[Date "1989.??.??"]
[Round "?"]
[White "Ilincic, Zlatko"]
[Black "Kontic, Djordje"]
[Result "1-0"]
[WhiteElo "2430"]
[BlackElo "2385"]

1.e4 e6 2.d4 d5 3.Nd2 Nc6 4.Ngf3 Nf6 5.e5 Nd7 6.Be2 f6 7.exf6 Qxf6 8.Nf1 Bd6
9.Bg5 Qf7 10.Ne3 O-O 11.O-O Nf6 12.c3 Ne4 13.Bh4 Bd7 14.Qd3 Ne7 15.Bg3 Ng6
16.Rae1 Rad8 17.Qc2 Nf4 18.Bxf4 Qxf4 19.g3 Qh6 20.Ng4 Qh3 21.Nge5 Bxe5 22.Nxe5 Nxf2
23.Bf3 Ne4 24.Bxe4 Rxf1+ 25.Rxf1 dxe4 26.Qxe4 Bb5 27.c4 Be8 28.Qxb7 Qh6 29.Qf3 Bg6
30.Nf7 Qd2  1-0